<?xml version="1.0" encoding="UTF-8"?>
<collection xmlns="http://www.loc.gov/MARC21/slim">
 <record>
  <leader>00830pamaa2200253   4500</leader>
  <controlfield tag="001">0000045653</controlfield>
  <controlfield tag="005">20090704090000.0</controlfield>
  <controlfield tag="008">090704                             eng  </controlfield>
  <datafield tag="020" ind1="0" ind2="0">
   <subfield code="a">3527304975 (pbk.) </subfield>
  </datafield>
  <datafield tag="090" ind1="0" ind2="0">
   <subfield code="a">TP248.E5 </subfield>
   <subfield code="b">BUC 2005</subfield>
  </datafield>
  <datafield tag="100" ind1="1" ind2="0">
   <subfield code="a">Buchholz </subfield>
  </datafield>
  <datafield tag="240" ind1="0" ind2="0">
   <subfield code="a">Biokatalysatoren und Enzymtechologie</subfield>
  </datafield>
  <datafield tag="245" ind1="1" ind2="0">
   <subfield code="a">Biocatalysts and enzyme technology  </subfield>
   <subfield code="c">Klaus Buchholz, Volker Kasche Uwe Theo Bornscheuer.</subfield>
  </datafield>
  <datafield tag="260" ind1="0" ind2="0">
   <subfield code="a">Weinheim: </subfield>
   <subfield code="b">Wiley-VCH, </subfield>
   <subfield code="c">2005.</subfield>
  </datafield>
  <datafield tag="300" ind1=" " ind2=" ">
   <subfield code="a">xvii, 448 p.: </subfield>
   <subfield code="b">ill.; </subfield>
   <subfield code="c">24 cm.</subfield>
  </datafield>
  <datafield tag="504" ind1="0" ind2="0">
   <subfield code="a">Includes bibliographical references and index</subfield>
  </datafield>
  <datafield tag="650" ind1="0" ind2="0">
   <subfield code="a">Biotechnology </subfield>
  </datafield>
  <datafield tag="650" ind1="0" ind2="0">
   <subfield code="a">Enzymes -- </subfield>
   <subfield code="x">Biotechnology </subfield>
  </datafield>
  <datafield tag="650" ind1="0" ind2="0">
   <subfield code="a">Catalysis </subfield>
  </datafield>
  <datafield tag="650" ind1="0" ind2="0">
   <subfield code="a">Enzymes -- </subfield>
   <subfield code="x">Industrial applications </subfield>
  </datafield>
  <datafield tag="650" ind1="0" ind2="0">
   <subfield code="a">Enzymes </subfield>
  </datafield>
  <datafield tag="700" ind1="1" ind2="1">
   <subfield code="a">Bornscheuer, </subfield>
   <subfield code="h">Uwe T. </subfield>
  </datafield>
  <datafield tag="700" ind1="1" ind2="1">
   <subfield code="a">Kasche, </subfield>
   <subfield code="h">Volker </subfield>
  </datafield>
  <datafield tag="901" ind1=" " ind2=" ">
   <subfield code="u">www.wiley-VCH.de</subfield>
  </datafield>
 </record>
</collection>
